Countries from 'T' by Desserts - Statistics

General Stats
  • This quiz has been taken 6 times
  • The average score is 9 of 11
Answer Stats
Picture Answer % Correct
Thailand
100%
Turkey
100%
Turkmenistan
100%
Tuvalu
100%
Taiwan
80%
Tajikistan
80%
Tanzania
80%
Tonga
80%
Trinidad and Tobago
80%
Tunisia
80%
Togo
60%
No matching quizzes found
Score Distribution
Percent of People with Each Score
Percentile by Number Answered
Your Score History
You have not taken this quiz